Shoot From the Hip - Every Longform (1-54) - Statistics

General Stats
  • This quiz has been taken 293 times
    187 since last reset
  • The average score is 34 of 54
Answer Stats
Play no. Answer % Correct
1 Oh My God, Is This A Joke?
94%
23 Beetroots & Murder
82%
12 BUS
81%
22 The Milkman
81%
30 The Unrelenting Aubergine
77%
50 The Off-Season
76%
31 The Lighthouse
75%
39 The Grape Depression
73%
8 The Hare Who Wore A Sweater
73%
10 The Midnight Mystery
71%
36 Toby's Secret Pocket
71%
27 The Mystery Of The Midnight Circus
70%
15 Wild, Wet & Worrisome
70%
11 Inside the Mysterious Cube
69%
24 Susan's Holiday
69%
16 The Cardboard Stegosaurus
69%
17 The Ingredients
69%
29 Wine Under The Bridge
69%
43 Death for a Dollar
68%
40 Strange Noises From The Hole In The Wall
68%
20 The Leftenmost Window
68%
13 All Eyes on Nigel
65%
44 Clarissa's DIY Wedding
65%
2 The Meringue Haberdashery
65%
41 Divorces and Teddy Bears
63%
26 Priscilla's Final Petal
63%
51 Sorry About My Nan
63%
18 The Excited Chinchilla
63%
47 The Final Baker of Baker Street
63%
48 The Hobnob Affair
62%
6 Too Big To Be A Jockey
62%
21 The Neighbour's Under the Bed
61%
37 Ballet on the Battlefield
60%
5 Long Johns - STRIKE!
60%
3 Lost in Your Eyes
60%
34 Moist And Magical
60%
32 Murders in Space
60%
33 Marigolds, Bluebells, and Hugh
58%
14 No! I Always Loved That Caravan!
57%
52 The Creak in the Attic
57%
19 The Prime Minister's First Day
57%
25 The Evil Make-A-Wish Kid
56%
53 The Bard with a Scar
55%
4 The Dark Moons of Slough
55%
49 And So it Begun
54%
45 Green Leaves on a Summer's Day
54%
54 The Enigma Of The High Visionary
52%
38 The Phantom Of Hornchurch
51%
35 Burglary and Bobsledding
50%
46 The Pilot's Final Flight
50%
28 Caesar and Juliet
49%
9 Once Upon a Time I Killed Mum
48%
7 The OOPSIE DAISY Bulge
46%
42 The Detective v The Xmas Tree Bandits
44%
No matching quizzes found
Score Distribution
Percent of People with Each Score
Percentile by Number Answered
Your Score History
You have not taken this quiz since the last reset